[Event "Mercredi 2013.04.03 ABCD"]
[Site "Montreal"]
[Date "2013.04.24"]
[Round "4"]
[White "Munshi, Shawkat"]
[Black "Gates, Claude-Eric"]
[Result "0-1"]
[WhiteElo "1630"]
[BlackElo "1712"]
[PlyCount "100"]
[EventDate "2013.04.03"]
[EventRounds "5"]
[EventCountry "CAN"]
[SourceDate "2005.09.12"]

1. Nf3 Nf6 2. e3 g6 3. b3 Bg7 4. Bb2 d6 5. c4 c5 6. Be2 O-O 7. O-O Nc6 8. d3 b6
9. Nbd2 a5 10. a3 Ba6 11. Bc3 b5 12. cxb5 Bxb5 13. e4 Qc8 14. Nc4 Bxc4 15. bxc4
Nd7 16. Qd2 Nde5 17. Nxe5 Bxe5 18. Bxe5 Nxe5 19. Rab1 Nc6 20. Rb6 Qc7 21. Rfb1
Rfb8 22. Rxb8+ Rxb8 23. Rxb8+ Qxb8 24. Qa2 Qb7 25. Bd1 Ne5 26. Qc2 Nc6 27. Kf1
f6 28. Qa2 Kg7 29. Ba4 Nd4 30. Ke1 Ne6 31. Kd2 Nd4 32. Ke1 Ne6 33. Kd2 Nd4 34.
Kc3 Kf7 35. Bb5 Kg7 36. a4 g5 37. Qd2 Qc7 38. Qe3 Ne6 39. Qg3 Nd4 40. Qh3 Ne2+
41. Kd2 Nf4 42. Qg4 Ng6 43. h3 Nf4 44. Qf3 Qc8 45. h4 Ng6 46. hxg5 fxg5 47. Qg3
h6 48. Kc3 Qe6 49. Be8 Nf4 50. Kc2 Qf6 0-1

[Event "Mercredi 2013.04.03 ABCD"]
[Site "Montreal"]
[Date "2013.04.24"]
[Round "4"]
[White "Nardone, Raul"]
[Black "Millette, Sylvain"]
[Result "1-0"]
[WhiteElo "1895"]
[BlackElo "1872"]
[PlyCount "75"]
[EventDate "2013.04.03"]
[EventRounds "5"]
[EventCountry "CAN"]
[SourceDate "2005.09.12"]

1. e4 Nf6 2. e5 Nd5 3. g3 d6 4. exd6 exd6 5. Bg2 Nf6 6. d4 d5 7. Ne2 Be7 8. O-O
O-O 9. Bg5 Ne4 10. Bxe7 Qxe7 11. Nf4 c6 12. Re1 Qb4 13. b3 Nf6 14. c3 Qd6 15.
Nd2 Nbd7 16. Nd3 c5 17. Ne5 cxd4 18. cxd4 b6 19. Ndc4 Qb8 20. Nc6 Qc7 21. Ne7+
Kh8 22. Nxd5 Nxd5 23. Bxd5 Bb7 24. Bxb7 Qxb7 25. Re7 Qd5 26. Qe2 b5 27. Ne3 Qd6
28. Nf5 Qd5 29. Qg4 g6 30. Ne3 Nf6 31. Qf4 Qc6 32. Rd1 a6 33. d5 Qc3 34. d6
Rad8 35. Rc7 Qb2 36. Rc2 Nh5 37. Rxb2 Nxf4 38. gxf4 1-0

[Event "Mercredi 2013.04.03 ABCD"]
[Site "Montreal"]
[Date "2013.04.24"]
[Round "4"]
[White "Rondon, Luciano"]
[Black "Ostaci, Liviu"]
[Result "1-0"]
[WhiteElo "1914"]
[BlackElo "1854"]
[PlyCount "85"]
[EventDate "2013.04.03"]
[EventRounds "5"]
[EventCountry "CAN"]
[SourceDate "2005.09.12"]

1. d4 Nf6 2. Nf3 g6 3. c4 Bg7 4. Nc3 O-O 5. e4 d6 6. Be2 e5 7. O-O Nc6 8. d5
Ne7 9. Nd2 Ne8 10. b4 f5 11. f3 f4 12. c5 g5 13. a4 Rf7 14. Ba3 Bf8 15. Rc1 Ng6
16. cxd6 cxd6 17. Nb5 h5 18. Rc2 Nh4 19. Qc1 a6 20. Nc3 g4 21. a5 g3 22. hxg3
fxg3 23. Rd1 Ng6 24. Nf1 h4 25. Na4 Rb8 26. Nb6 Bd7 27. Nxd7 Qxd7 28. Qg5 Kh7
29. Bc1 Rg7 30. Qh6+ Kg8 31. Ne3 Qf7 32. Nf5 Rh7 33. Qg5 Kh8 34. f4 Qf6 35.
fxe5 Nxe5 36. Rf1 Qxg5 37. Bxg5 Ng6 38. b5 axb5 39. Bxb5 Kg8 40. Rfc1 Rh5 41.
Be3 Nf6 42. Rc8 Nxe4 43. Rxb8 1-0

[Event "Mercredi 2013.04.03 ABCD"]
[Site "Montreal"]
[Date "2013.05.01"]
[Round "5"]
[White "Cardin, Guillaume"]
[Black "Leveille, Francois"]
[Result "0-1"]
[WhiteElo "2077"]
[BlackElo "2331"]
[PlyCount "92"]
[EventDate "2013.04.03"]
[EventRounds "5"]
[EventCountry "CAN"]
[SourceDate "2005.09.12"]

1. d4 d5 2. c4 e6 3. Nc3 c5 4. cxd5 exd5 5. Nf3 Nc6 6. g3 Nf6 7. Bg2 Be7 8. O-O
O-O 9. Bg5 c4 10. Ne5 Be6 11. Qd2 h6 12. Bxf6 Bxf6 13. f4 Ne7 14. e4 b5 15. a3
Rb8 16. exd5 Nxd5 17. Nc6 Qd6 18. Nxb8 Nxc3 19. bxc3 Rxb8 20. Be4 a5 21. Kh1
Bh3 22. Rfe1 g6 23. Qc2 Kg7 24. f5 g5 25. Qe2 Re8 26. Qf3 h5 27. Qf2 Rxe4 28.
Rxe4 Qd5 29. Rae1 Bxf5 30. Qe3 b4 31. axb4 axb4 32. cxb4 c3 33. Kg1 Bxe4 34.
Qxe4 Bxd4+ 35. Kg2 Qxe4+ 36. Rxe4 c2 37. Re1 Bb2 38. b5 c1=Q 39. Rxc1 Bxc1 40.
b6 Ba3 41. Kf3 f5 42. h3 g4+ 43. hxg4 hxg4+ 44. Kf4 Kf6 45. Ke3 Bd6 46. Kf2
Bc5+ 0-1

[Event "Mercredi 2013.04.03 ABCD"]
[Site "Montreal"]
[Date "2013.05.01"]
[Round "5"]
[White "Gates, Claude-Eric"]
[Black "Heredia, Jose"]
[Result "0-1"]
[WhiteElo "1712"]
[BlackElo "1778"]
[PlyCount "92"]
[EventDate "2013.04.03"]
[EventRounds "5"]
[EventCountry "CAN"]
[SourceDate "2005.09.12"]

1. c4 b6 2. Nf3 c5 3. Nc3 Bb7 4. d3 e6 5. Bf4 d6 6. e3 Nf6 7. Be2 Be7 8. h3 h6
9. O-O a6 10. Nd2 O-O 11. Bf3 d5 12. Re1 Bd6 13. cxd5 Bxf4 14. dxe6 Bxf3 15.
exf7+ Kh8 16. Qxf3 Ra7 17. exf4 Raxf7 18. Rad1 Nh7 19. g3 g5 20. Qd5 Qc8 21.
Qe5+ Nf6 22. Nd5 Nc6 23. Qe6 Nxd5 24. Qxd5 gxf4 25. g4 h5 26. Qxh5+ Rh7 27. Qg6
Rxh3 28. Kg2 Rg8 29. Qf6+ Kh7 30. Qf7+ Rg7 31. Qxg7+ Kxg7 32. Kxh3 Nd4 33. Re5
Kg6 34. Rde1 Kf6 35. R1e4 Qh8+ 36. Rh5 Qg7 37. Rxf4+ Ke6 38. Nc4 b5 39. Ne3 Qb7
40. Re4+ Kf6 41. Rh6+ Kg5 42. Rh5+ Kg6 43. Rxc5 Nf3 44. Kg3 Ng5 45. Ree5 Qf3+
46. Kh2 Qh3+ 0-1

[Event "Mercredi 2013.04.03 ABCD"]
[Site "Montreal"]
[Date "2013.05.01"]
[Round "5"]
[White "Gauthier, Luc"]
[Black "Munshi, Shawkat"]
[Result "0-1"]
[WhiteElo "1737"]
[BlackElo "1630"]
[PlyCount "132"]
[EventDate "2013.04.03"]
[EventRounds "5"]
[EventCountry "CAN"]
[SourceDate "2005.09.12"]

1. e4 c5 2. Nc3 d6 3. f4 Nc6 4. Nf3 Nf6 5. g3 e6 6. d3 Be7 7. Bg2 a6 8. O-O Rb8
9. h3 Qc7 10. Ne2 b5 11. g4 Bb7 12. Ng3 e5 13. fxe5 Nxe5 14. Nxe5 dxe5 15. Nf5
O-O 16. Qe1 Rfe8 17. Qh4 Bf8 18. Nh6+ Kh8 19. g5 gxh6 20. gxf6 c4 21. Bxh6 Bxh6
22. Qxh6 Rg8 23. Rf5 Rg6 24. Qh4 Rbg8 25. Rh5 Rxg2+ 26. Kh1 R8g7 27. fxg7+ Rxg7
28. Qf6 cxd3 29. cxd3 Kg8 30. Rxe5 Qc8 31. Qf5 Qd8 32. Rc1 f6 33. Qe6+ Kf8 34.
Rf5 Rg6 35. Rfc5 Qxd3 36. Rc8+ Bxc8 37. Rxc8+ Kg7 38. Rg8+ Kh6 39. Rxg6+ hxg6
40. Qg4 Qb1+ 41. Qg1 Qxe4+ 42. Kh2 Qe2+ 43. Kh1 Qxb2 44. Qe3+ g5 45. Qe6 a5 46.
Qf7 Qc1+ 47. Kg2 Qd2+ 48. Kh1 Qe1+ 49. Kg2 Qe2+ 50. Kg1 Qe3+ 51. Kg2 Qd2+ 52.
Kh1 Qc1+ 53. Kg2 Qc6+ 54. Kg1 Qc5+ 55. Kh1 Qc3 56. Qf8+ Kg6 57. Qg8+ Kf5 58.
Qh7+ Kf4 59. Qd7 Qa1+ 60. Kg2 Qxa2+ 61. Kg1 Qb1+ 62. Kh2 Qb2+ 63. Kg1 Qe5 64.
Qg4+ Ke3 65. Qg2 Qf4 66. h4 gxh4 0-1

[Event "Mercredi 2013.04.03 ABCD"]
[Site "Montreal"]
[Date "2013.04.26"]
[Round "5"]
[White "Gilniat, Goeffrey"]
[Black "Boudreau, Daniel"]
[Result "0-1"]
[WhiteElo "1989"]
[BlackElo "2085"]
[PlyCount "70"]
[EventDate "2013.04.03"]
[EventRounds "5"]
[EventCountry "CAN"]
[SourceDate "2005.09.12"]

1. e4 c5 2. Nc3 e6 3. Bc4 a6 4. a4 Nc6 5. d3 g6 6. f4 d6 7. Nf3 Bg7 8. O-O Nge7
9. Qe1 O-O 10. f5 d5 11. f6 Bxf6 12. Bb3 Nd4 13. e5 Bg7 14. Bg5 Qc7 15. Bf6
Nec6 16. Qh4 Nxf3+ 17. Rxf3 Nxe5 18. Rh3 h5 19. Rf1 Bxf6 20. Qxf6 Ng4 21. Qg5
Qe5 22. Qxe5 Nxe5 23. Rg3 Bd7 24. Rg5 f6 25. Rg3 b5 26. axb5 axb5 27. Nxd5 exd5
28. Bxd5+ Kg7 29. Bxa8 Rxa8 30. b3 Ra2 31. Rf2 Ng4 32. Rf1 Rxc2 33. Ra1 h4 34.
Rh3 g5 35. Kf1 Bc6 0-1

[Event "Mercredi 2013.04.03 ABCD"]
[Site "Montreal"]
[Date "2013.05.01"]
[Round "5"]
[White "Luo, Zhao Yang"]
[Black "Cloutier, Mathieu"]
[Result "1-0"]
[WhiteElo "2054"]
[BlackElo "2045"]
[PlyCount "63"]
[EventDate "2013.04.03"]
[EventRounds "5"]
[EventCountry "CAN"]
[SourceDate "2005.09.12"]

1. d4 Nf6 2. Nf3 c5 3. e3 b6 4. Bd3 Bb7 5. O-O g6 6. c4 Bg7 7. Nc3 Bxf3 8. Qxf3
Nc6 9. Ne2 e5 10. Bd2 exd4 11. exd4 cxd4 12. Qh3 O-O 13. f4 d5 14. cxd5 Qxd5
15. Rac1 Ne4 16. Qf3 Rfe8 17. Ng3 Nxd2 18. Qxd5 Nb4 19. Qb5 Nxd3 20. Qxd3 Nxf1
21. Nxf1 Re7 22. Qa6 h5 23. Rc8+ Rxc8 24. Qxc8+ Kh7 25. Qc2 Rd7 26. Qd3 Re7 27.
Kf2 f5 28. g3 Re4 29. Nd2 Re3 30. Qc4 Bf8 31. Qxd4 Bc5 32. Qxe3 1-0

[Event "Mercredi 2013.04.03 ABCD"]
[Site "Montreal"]
[Date "2013.05.01"]
[Round "5"]
[White "Marchand, Jacques"]
[Black "Dumouchel, Alain"]
[Result "1/2-1/2"]
[WhiteElo "2041"]
[BlackElo "1919"]
[PlyCount "51"]
[EventDate "2013.04.03"]
[EventRounds "5"]
[EventCountry "CAN"]
[SourceDate "2005.09.12"]

1. Nf3 Nf6 2. g3 d5 3. d3 c5 4. Nbd2 Nc6 5. Bg2 g6 6. e4 Bg7 7. O-O O-O 8. Re1
Bg4 9. h3 Bxf3 10. Qxf3 dxe4 11. dxe4 Qa5 12. c3 Nd7 13. Nc4 Qa6 14. Bf1 b5 15.
Ne3 Qa5 16. Qe2 c4 17. f4 Nc5 18. Nc2 Rad8 19. e5 f6 20. Bg2 Nd3 21. Bxc6 Qb6+
22. Be3 Qxc6 23. Nd4 Rxd4 24. cxd4 fxe5 25. dxe5 Nxe1 26. Rxe1 1/2-1/2

[Event "Mercredi 2013.04.03 ABCD"]
[Site "Montreal"]
[Date "2013.05.01"]
[Round "5"]
[White "Ostaci, Liviu"]
[Black "Nardone, Raul"]
[Result "0-1"]
[WhiteElo "1854"]
[BlackElo "1895"]
[PlyCount "64"]
[EventDate "2013.04.03"]
[EventRounds "5"]
[EventCountry "CAN"]
[SourceDate "2005.09.12"]

1. d4 f5 2. Nf3 Nf6 3. Bf4 e6 4. Nbd2 d5 5. Ne5 Be7 6. h3 O-O 7. e3 Nbd7 8.
Ndf3 Ne4 9. Nxd7 Bxd7 10. Bd3 c6 11. c3 Be8 12. Qb3 b5 13. Ne5 Nd6 14. O-O-O a5
15. Qc2 Nc4 16. g4 Bd7 17. Rdg1 Nxe5 18. Bxe5 Rf7 19. f4 c5 20. Qg2 Bf6 21.
gxf5 Bxe5 22. fxe5 Qh4 23. f6 cxd4 24. cxd4 Rc8+ 25. Kb1 b4 26. Qg3 Qxg3 27.
Rxg3 Kh8 28. fxg7+ Rxg7 29. Rxg7 Kxg7 30. Rc1 Rf8 31. Rc7 Rf7 32. Kc2 Ba4+ 0-1

[Event "Mercredi 2013.04.03 ABCD"]
[Site "Montreal"]
[Date "2013.05.01"]
[Round "5"]
[White "Saha, Ananda"]
[Black "Rondon, Luciano"]
[Result "0-1"]
[WhiteElo "1788"]
[BlackElo "1914"]
[PlyCount "84"]
[EventDate "2013.04.03"]
[EventRounds "5"]
[EventCountry "CAN"]
[SourceDate "2005.09.12"]

1. d4 d5 2. c4 e6 3. Nc3 Nf6 4. cxd5 exd5 5. Bg5 Be7 6. Nf3 c6 7. Qc2 g6 8. e3
Bf5 9. Bd3 Bxd3 10. Qxd3 O-O 11. O-O Re8 12. Bh6 Bd6 13. h3 Ne4 14. Nd2 Qh4 15.
Bf4 Bxf4 16. Nf3 Qf6 17. exf4 Qxf4 18. Ne2 Qd6 19. Ne5 Nd7 20. f4 f5 21. Ng3 c5
22. Nxd7 Qxd7 23. dxc5 Nxc5 24. Qd4 Ne6 25. Qd2 Qb5 26. h4 d4 27. Rf3 Rac8 28.
h5 Qc4 29. Qa5 Qc5 30. Qd2 Qc2 31. Rd1 Red8 32. Qe1 Re8 33. Rf2 Qc5 34. b4 Qb6
35. Qd2 d3 36. Qxd3 Rcd8 37. Qb3 Rxd1+ 38. Qxd1 Rd8 39. Qe1 Nxf4 40. hxg6 hxg6
41. Qc1 Qxf2+ 42. Kxf2 Nd3+ 0-1

[Event "Mercredi 2013.04.03 ABCD"]
[Site "Montreal"]
[Date "2013.05.01"]
[Round "5"]
[White "Tremblay, Alain"]
[Black "Levkovsky, Alexandre"]
[Result "1/2-1/2"]
[WhiteElo "2104"]
[BlackElo "2252"]
[PlyCount "47"]
[EventDate "2013.04.03"]
[EventRounds "5"]
[EventCountry "CAN"]
[SourceDate "2005.09.12"]

1. e4 e5 2. Nf3 Nc6 3. Bb5 a6 4. Ba4 Nf6 5. O-O Be7 6. Re1 b5 7. Bb3 d6 8. c3
Na5 9. Bc2 c5 10. d3 O-O 11. Nbd2 Ne8 12. d4 cxd4 13. cxd4 exd4 14. Nxd4 Bf6
15. N2f3 Nc4 16. b3 Ne5 17. Nxe5 dxe5 18. Nc6 Qc7 19. Nb4 Bb7 20. Bb2 Rc8 21.
Re2 Qb8 22. Nd5 Bxd5 23. exd5 Qd6 24. Qe1 1/2-1/2

[Event "Mercredi 2013.04.03 ABCD"]
[Site "Montreal"]
[Date "2013.05.01"]
[Round "5"]
[White "Trottier, Luc"]
[Black "Bergeron, Rene"]
[Result "0-1"]
[WhiteElo "1613"]
[BlackElo "1733"]
[PlyCount "54"]
[EventDate "2013.04.03"]
[EventRounds "5"]
[EventCountry "CAN"]
[SourceDate "2005.09.12"]

1. d4 d5 2. c4 e6 3. Nc3 c5 4. cxd5 exd5 5. Nf3 Nc6 6. e3 Nf6 7. Be2 Bd6 8.
dxc5 Bxc5 9. O-O O-O 10. Nd4 Ne5 11. h3 a6 12. Qc2 Qd6 13. Nf5 Qe6 14. Nd4 Qd7
15. f4 Nc6 16. Nf3 Ba7 17. a3 Qe7 18. Qd3 Rd8 19. Nd4 Ne4 20. Bf3 Nxd4 21. exd4
Nf6 22. Bd2 Be6 23. Rfe1 Qd6 24. f5 Bd7 25. Re5 Qb6 26. b4 Qxd4+ 27. Qxd4 Bxd4+
0-1

[Event "Mercredi 2013.15.05 ABCD"]
[Site "Montreal"]
[Date "2013.05.15"]
[Round "1"]
[White "Barko, Maxime"]
[Black "Ber, Alexandre"]
[Result "1-0"]
[WhiteElo "1779"]
[BlackElo "1777"]
[PlyCount "60"]
[EventDate "2013.05.15"]
[EventRounds "5"]
[EventCountry "CAN"]
[SourceDate "2005.09.12"]

1. d4 e6 2. Nf3 f5 3. Nc3 Nf6 4. Bg5 Be7 5. Bxf6 Bxf6 6. e4 d6 7. exf5 O-O 8.
fxe6 Bxe6 9. Be2 c5 10. Ne4 Qa5+ 11. c3 Be7 12. O-O Kh8 13. dxc5 dxc5 14. Ne5
Qc7 15. Ng4 Nc6 16. Ne3 Rf4 17. Ng3 Ne5 18. Nh5 Rf7 19. f4 Nc6 20. Bg4 Rd8 21.
Qe2 Bd5 22. Nxd5 Rxd5 23. Be6 Rff5 24. Bxf5 Rxf5 25. Qg4 g6 26. Ng3 Rf8 27.
Rad1 Bd6 28. Ne4 Be7 29. Rd7 Qc8 30. Qe6 Bd8 1-0

[Event "Mercredi 2013.15.05 ABCD"]
[Site "Montreal"]
[Date "2013.05.15"]
[Round "1"]
[White "Munshi, Shawkat"]
[Black "Gates, Claude-Eric"]
[Result "1/2-1/2"]
[WhiteElo "1674"]
[BlackElo "1677"]
[PlyCount "67"]
[EventDate "2013.05.15"]
[EventRounds "5"]
[EventCountry "CAN"]
[SourceDate "2005.09.12"]

1. Nf3 Nf6 2. c4 e6 3. e3 d5 4. d4 Be7 5. Be2 O-O 6. O-O Nbd7 7. b3 c5 8. Bb2
Ne4 9. cxd5 exd5 10. dxc5 Ndxc5 11. Nbd2 Bf5 12. Nd4 Bg6 13. N2f3 Rc8 14. b4
Ne6 15. Qb3 N6g5 16. Rfd1 Bf6 17. Nxg5 Nxg5 18. Rac1 Qe7 19. Bg4 Rcd8 20. Bf5
Ne4 21. Bxg6 fxg6 22. f3 Ng5 23. Rd3 Bxd4 24. Bxd4 Nxf3+ 25. gxf3 Qg5+ 26. Kf2
Qh5 27. Ke1 Qxf3 28. Kd2 Qg2+ 29. Kc3 Rc8+ 30. Bc5 b6 31. Rxd5 bxc5 32. Rxc5+
Kh8 33. Rc2 Qe4 34. Kb2 1/2-1/2

[Event "Mercredi 2013.15.05 ABCD"]
[Site "Montreal"]
[Date "2013.05.15"]
[Round "1"]
[White "Cote, Philippe"]
[Black "Baran, Marius"]
[Result "1-0"]
[WhiteElo "1725"]
[BlackElo "1572"]
[PlyCount "61"]
[EventDate "2013.05.15"]
[EventRounds "5"]
[EventCountry "CAN"]
[SourceDate "2005.09.12"]

1. e4 c5 2. Nf3 d6 3. d4 cxd4 4. Nxd4 Nf6 5. Nc3 g6 6. f3 Bg7 7. Be3 Nc6 8. Qd2
O-O 9. O-O-O Nd7 10. h4 h5 11. g4 Nde5 12. Be2 Be6 13. Nxe6 fxe6 14. Bh6 Rf7
15. Bxg7 Rxg7 16. gxh5 gxh5 17. f4 Ng4 18. Bc4 d5 19. exd5 Na5 20. Bd3 Qb6 21.
Rhg1 Rd8 22. Qg2 Qe3+ 23. Kb1 Qxf4 24. Rdf1 Qh6 25. Qe4 Qe3 26. Rxg4 Qxe4 27.
Rxg7+ Kxg7 28. Bxe4 Nc4 29. Rg1+ Kf8 30. Kc1 exd5 31. Bxd5 1-0

[Event "Mercredi 2013.15.05 ABCD"]
[Site "Montreal"]
[Date "2013.05.15"]
[Round "1"]
[White "Dumouchel, Alain"]
[Black "Heredia, Jose"]
[Result "1-0"]
[WhiteElo "1902"]
[BlackElo "1890"]
[PlyCount "65"]
[EventDate "2013.05.15"]
[EventRounds "5"]
[EventCountry "CAN"]
[SourceDate "2005.09.12"]

1. e4 c6 2. d4 d5 3. exd5 cxd5 4. c4 Nf6 5. Nc3 e6 6. c5 Nc6 7. Bb5 Bd7 8. Nf3
a6 9. Bxc6 Bxc6 10. O-O Be7 11. Ne5 Nd7 12. Bf4 Nxe5 13. Bxe5 Bf6 14. Re1 O-O
15. b4 Bxe5 16. Rxe5 b6 17. Na4 Bxa4 18. Qxa4 bxc5 19. bxc5 Qe8 20. c6 Qb8 21.
Ree1 Rc8 22. Rab1 Qc7 23. Rec1 g6 24. g3 Rcb8 25. Rxb8+ Qxb8 26. c7 Qc8 27. Qc6
Ra7 28. Qd6 Ra8 29. Rb1 Kg7 30. Rb8 Rxb8 31. cxb8=Q Qc1+ 32. Kg2 Qc2 33. Qbf8+
1-0

[Event "Mercredi 2013.15.05 ABCD"]
[Site "Montreal"]
[Date "2013.05.15"]
[Round "1"]
[White "Fortin-Lavoie, Patrice"]
[Black "Chesnut, Walter"]
[Result "1/2-1/2"]
[WhiteElo "1617"]
[BlackElo "1597"]
[PlyCount "80"]
[EventDate "2013.05.15"]
[EventRounds "5"]
[EventCountry "CAN"]
[SourceDate "2005.09.12"]

1. e4 e5 2. Nf3 Nf6 3. Bc4 Nxe4 4. d3 Nd6 5. Nxe5 Nxc4 6. Nxc4 d5 7. Ne3 c6 8.
O-O Bd6 9. Nd2 O-O 10. Nf3 Nd7 11. b3 Ne5 12. Bb2 Nxf3+ 13. Qxf3 Qh4 14. h3 Qf4
15. Qxf4 Bxf4 16. Rfe1 Bd7 17. Ng4 Bxg4 18. hxg4 Rfe8 19. Bd4 b6 20. Kf1 f6 21.
g3 Bd2 22. Re2 Bb4 23. a3 Rxe2 24. Kxe2 Re8+ 25. Kf3 Bd6 26. b4 Kf7 27. c3 c5
28. Be3 cxb4 29. axb4 Re7 30. g5 Rc7 31. gxf6 Kxf6 32. Rh1 Kg6 33. Rh4 Rxc3 34.
Rg4+ Kf7 35. Rxg7+ Kxg7 36. Bd4+ Kg6 37. Bxc3 h5 38. b5 Kf5 39. Bh8 Be5 40.
Bxe5 Kxe5 1/2-1/2

[Event "Mercredi 2013.15.05 ABCD"]
[Site "Montreal"]
[Date "2013.05.15"]
[Round "1"]
[White "Saha, Ananda"]
[Black "Leung, Chin"]
[Result "0-1"]
[WhiteElo "1778"]
[BlackElo "1778"]
[PlyCount "114"]
[EventDate "2013.05.15"]
[EventRounds "5"]
[EventCountry "CAN"]
[SourceDate "2005.09.12"]

1. d4 Nf6 2. c4 e5 3. d5 Bc5 4. Nc3 O-O 5. Bg5 Bxf2+ 6. Kd2 Bb6 7. Kc2 d6 8. e4
Nbd7 9. Rc1 h6 10. Bh4 g5 11. Bg3 Nc5 12. Bd3 Ng4 13. Qd2 Nxd3 14. Qxd3 f5 15.
Kb1 fxe4 16. Nxe4 Bf5 17. Ka1 Nf6 18. Nxf6+ Qxf6 19. Qb3 Be4 20. Nf3 Bxf3 21.
gxf3 Qxf3 22. Qb5 Bd4 23. Qd7 Rf7 24. Qe6 Qf6 25. Qg4 Raf8 26. Qh5 Qg7 27. Qd1
a5 28. a4 Rf3 29. Ka2 Qg6 30. Be1 Qd3 31. Qxd3 Rxd3 32. Bxa5 Rf2 33. Rb1 b6 34.
Be1 Rg2 35. Rf1 Bc5 36. Rc1 Ra3+ 37. Kb1 Rb3 38. Bc3 Rxh2 39. Rc2 Rh3 40. Ka2
Rhxc3 41. Rxc3 Rxc3 42. bxc3 g4 43. Rh1 Kh7 44. Rh4 g3 45. Rg4 Bf2 46. Kb3 h5
47. Rg5 Kh6 48. Rg8 h4 49. Rh8+ Kg5 50. Rg8+ Kf4 51. Rf8+ Ke4 52. Rh8 g2 53.
Rh7 g1=Q 54. c5 Qb1+ 55. Kc4 b5+ 56. axb5 Qa2+ 57. Kb4 Bxc5# 0-1

[Event "Mercredi 2013.15.05 ABCD"]
[Site "Montreal"]
[Date "2013.05.15"]
[Round "1"]
[White "Cardin, Guillaume"]
[Black "Ostaci, Liviu"]
[Result "1-0"]
[WhiteElo "2053"]
[BlackElo "1841"]
[PlyCount "43"]
[EventDate "2013.05.15"]
[EventRounds "5"]
[EventCountry "CAN"]
[SourceDate "2005.09.12"]

1. d4 Nf6 2. c4 g6 3. Nc3 Bg7 4. e4 d6 5. Bd3 O-O 6. Nge2 e5 7. d5 Nbd7 8. O-O
Nc5 9. Bc2 a5 10. a3 a4 11. Be3 Bd7 12. Ng3 Qe8 13. f3 b6 14. Qd2 h5 15. h4 Nh7
16. Nge2 Qd8 17. g3 Qc8 18. Qd1 Qa6 19. Kh2 Qxc4 20. Bxc5 bxc5 21. b3 axb3 22.
Bd3 1-0

[Event "Mercredi 2013.15.05 ABCD"]
[Site "Montreal"]
[Date "2013.05.15"]
[Round "1"]
[White "Tremblay, Alain"]
[Black "Cloutier, Mathieu"]
[Result "1-0"]
[WhiteElo "2122"]
[BlackElo "2103"]
[PlyCount "57"]
[EventDate "2013.05.15"]
[EventRounds "5"]
[EventCountry "CAN"]
[SourceDate "2005.09.12"]

1. d4 Nf6 2. Nf3 c5 3. c3 e6 4. Bg5 Qb6 5. Nbd2 Qxb2 6. Bxf6 gxf6 7. Ne4 d5 8.
Rb1 Qa3 9. Nxf6+ Ke7 10. Qd2 Nd7 11. Nxd7 Kxd7 12. e4 c4 13. exd5 exd5 14. Ne5+
Ke8 15. Be2 h5 16. O-O Bh6 17. Qc2 Qa6 18. Bxh5 Bf4 19. Qe2 Kf8 20. h3 Qh6 21.
Qf3 Rh7 22. Bg4 f5 23. Qxf4 Qxf4 24. Ng6+ Kf7 25. Nxf4 fxg4 26. hxg4 b6 27. f3
Bd7 28. Nxd5 Rah8 29. Kf2 1-0

[Event "Mercredi 2013.15.05 ABCD"]
[Site "Montreal"]
[Date "2013.05.15"]
[Round "1"]
[White "Levkovsky, Alexandre"]
[Black "Lopez, Lizandro"]
[Result "1-0"]
[WhiteElo "2284"]
[BlackElo "2057"]
[PlyCount "83"]
[EventDate "2013.05.15"]
[EventRounds "5"]
[EventCountry "CAN"]
[SourceDate "2005.09.12"]

1. e4 d5 2. exd5 Qxd5 3. Nc3 Qa5 4. d4 Nf6 5. Nf3 Bf5 6. Bb5+ c6 7. Bd3 Bxd3 8.
Qxd3 Qa6 9. Ne5 Qxd3 10. Nxd3 e6 11. Bf4 Nbd7 12. O-O-O Nd5 13. Bd2 Nxc3 14.
Bxc3 O-O-O 15. b3 Bd6 16. Bb2 Nf6 17. c4 h5 18. Kc2 h4 19. f3 Rh5 20. Bc1 Rf5
21. Nf2 b5 22. Ne4 h3 23. Nxd6+ Rxd6 24. Rhg1 hxg2 25. Rxg2 g6 26. Rd3 Nh5 27.
Rg4 Nf6 28. Rf4 Nh5 29. Rxf5 gxf5 30. Kc3 a6 31. a4 Kc7 32. axb5 axb5 33. Rd2
Rd7 34. Rg2 bxc4 35. bxc4 Rd8 36. Ra2 Kb8 37. Be3 Rd7 38. Kb4 Rb7+ 39. Kc5 Rb3
40. Bd2 Rd3 41. Ba5 Nf4 42. Kxc6 1-0

[Event "Mercredi 2013.15.05 ABCD"]
[Site "Montreal"]
[Date "2013.05.15"]
[Round "1"]
[White "Lopez, Cesar"]
[Black "Gauthier, Luc"]
[Result "1-0"]
[WhiteElo "1784"]
[BlackElo "1760"]
[PlyCount "51"]
[EventDate "2013.05.15"]
[EventRounds "5"]
[EventCountry "CAN"]
[SourceDate "2005.09.12"]

1. d4 d5 2. c4 Nc6 3. Nf3 Bg4 4. e3 e6 5. Nc3 Bb4 6. a3 Bxc3+ 7. bxc3 Nf6 8.
cxd5 exd5 9. Be2 O-O 10. O-O Re8 11. c4 Ne7 12. a4 c6 13. Ba3 Ng6 14. Rb1 Rb8
15. h3 Bf5 16. Bd3 Bxd3 17. Qxd3 Ne4 18. Rb2 Nh4 19. Rfb1 Nxf3+ 20. gxf3 Ng5
21. f4 Nxh3+ 22. Kg2 Qh4 23. Qf5 Nxf2 24. Rxb7 Rxb7 25. Rxb7 Ng4 26. Qxf7+ 1-0

[Event "Mercredi 2013.15.05 ABCD"]
[Site "Montreal"]
[Date "2013.05.22"]
[Round "2"]
[White "Lopez, Lizandro"]
[Black "Cloutier, Mathieu"]
[Result "1-0"]
[WhiteElo "2057"]
[BlackElo "2103"]
[PlyCount "69"]
[EventDate "2013.05.15"]
[EventRounds "5"]
[EventCountry "CAN"]
[SourceDate "2005.09.12"]

1. d4 Nf6 2. c4 c5 3. d5 e6 4. Nc3 exd5 5. cxd5 d6 6. e4 g6 7. Nge2 Bg7 8. Ng3
h5 9. Be2 h4 10. Nf1 h3 11. g3 a6 12. a4 Nbd7 13. Bg5 Qb6 14. Qd2 c4 15. Be3
Qc7 16. Bd4 Nc5 17. Bxc5 Qxc5 18. Ne3 Bh6 19. f4 g5 20. Nxc4 gxf4 21. gxf4 Ng4
22. Nd1 Nxh2 23. b4 Nf3+ 24. Bxf3 Qxc4 25. Qb2 O-O 26. Rc1 Qd3 27. Rc3 Bg7 28.
Rxd3 Bxb2 29. Nxb2 b5 30. a5 f5 31. e5 dxe5 32. fxe5 Bb7 33. Rxh3 Rfe8 34. e6
Rac8 35. Kd2 1-0

[Event "Mercredi 2013.15.05 ABCD"]
[Site "Montreal"]
[Date "2013.05.22"]
[Round "2"]
[White "Boudreau, Daniel"]
[Black "Tremblay, Alain"]
[Result "1/2-1/2"]
[WhiteElo "2085"]
[BlackElo "2122"]
[PlyCount "105"]
[EventDate "2013.05.15"]
[EventRounds "5"]
[EventCountry "CAN"]
[SourceDate "2005.09.12"]

1. e4 g6 2. d4 Bg7 3. Nc3 d6 4. Nf3 a6 5. a4 Nd7 6. Bc4 h6 7. O-O e6 8. Be3
Ngf6 9. Qd2 Ng4 10. Bf4 e5 11. h3 exf4 12. hxg4 Nb6 13. Bb3 g5 14. a5 Nd7 15.
e5 O-O 16. e6 fxe6 17. Bxe6+ Kh8 18. Rfe1 Nf6 19. d5 Nxg4 20. Bxc8 Rxc8 21. Nd4
Bxd4 22. Qxd4+ Qf6 23. Qb4 Qf5 24. Qd4+ Qf6 25. Qb4 Qf5 26. Ra4 Ne5 27. Qe4
Qxe4 28. Raxe4 Kg7 29. f3 c6 30. Rb4 cxd5 31. Rxb7+ Rf7 32. Rb6 d4 33. Ne4 Rxc2
34. Nxd6 d3 35. Rxe5 d2 36. Rd5 Rc1+ 37. Kh2 d1=Q 38. Rxd1 Rxd1 39. Nxf7 Kxf7
40. Rxa6 Ra1 41. b4 h5 42. b5 g4 43. fxg4 hxg4 44. b6 Rb1 45. Ra7+ Kg6 46. Rc7
Kg5 47. Rc5+ Kh4 48. g3+ fxg3+ 49. Kg2 Rb2+ 50. Kg1 Rb1+ 51. Kg2 Rb2+ 52. Kf1
Rb1+ 53. Kg2 1/2-1/2

[Event "Mercredi 2013.15.05 ABCD"]
[Site "Montreal"]
[Date "2013.05.22"]
[Round "2"]
[White "Ostaci, Liviu"]
[Black "Nardone, Raul"]
[Result "0-1"]
[WhiteElo "1841"]
[BlackElo "1893"]
[PlyCount "70"]
[EventDate "2013.05.15"]
[EventRounds "5"]
[EventCountry "CAN"]
[SourceDate "2005.09.12"]

1. d4 Nf6 2. Nf3 g6 3. g3 Bg7 4. Bg2 O-O 5. O-O d6 6. Re1 Nc6 7. e4 e5 8. c3
Bg4 9. h3 Bd7 10. Qc2 Qc8 11. Kh2 Nh5 12. d5 Ne7 13. Nfd2 f5 14. Qd1 Kh8 15. c4
Qe8 16. Nc3 a6 17. b3 Nf6 18. f3 f4 19. gxf4 Nh5 20. Nf1 Nxf4 21. Bxf4 exf4 22.
Rc1 Be5 23. Ne2 g5 24. Ng1 h5 25. c5 Ng6 26. cxd6 Bxd6 27. Nd2 b5 28. Bf1 Ne5
29. Qc2 g4 30. Qb2 Qe7 31. Nb1 Kh7 32. Qe2 Rg8 33. Qd2 Qg5 34. Qe2 gxf3 35. Qf2
Qg3+ 0-1